Understanding housing defects. -- 3rd ed. (Record no. 78465)

MARC details
000 -LEADER
fixed length control field 01108nam a2200241 a 4500
008 - FIXED-LENGTH DATA ELEMENTS--GENERAL INFORMATION
fixed length control field 101115s2009 ||||||||||||||||| || u
020 ## - INTERNATIONAL STANDARD BOOK NUMBER
International Standard Book Number 9780728205567
050 ## - LIBRARY OF CONGRESS CALL NUMBER
Classification number TH 4812 Mar
100 ## - MAIN ENTRY--PERSONAL NAME
Personal name Heath, Roger
245 10 - TITLE STATEMENT
Title Understanding housing defects. -- 3rd ed.
Statement of responsibility, etc. Duncan Marshall, Derek Worthing and Roger Heath
250 ## - EDITION STATEMENT
Edition statement 3rd ed.
260 ## - PUBLICATION, DISTRIBUTION, ETC.
Place of publication, distribution, etc. London
Name of publisher, distributor, etc. Routledge
Date of publication, distribution, etc. 2009
300 ## - PHYSICAL DESCRIPTION
Extent 345p.: ill.
350 ## -
-- 64.95
650 ## - SUBJECT ADDED ENTRY--TOPICAL TERM
Topical term or geographic name entry element DWELLINGS--DEFECTS
650 ## - SUBJECT ADDED ENTRY--TOPICAL TERM
Topical term or geographic name entry element DWELLINGS--MAINTENANCE AND REPAIR
650 ## - SUBJECT ADDED ENTRY--TOPICAL TERM
Topical term or geographic name entry element HOUSING
700 ## - ADDED ENTRY--PERSONAL NAME
Personal name Marshall, Duncan
700 ## - ADDED ENTRY--PERSONAL NAME
Personal name Worthing, Derek
995 ## -
-- MAIN LIBRARY OPEN ACCESS
-- 0.00
-- 742272
-- CBU-MAIN LIBRARY (Kitwe)
-- 1
-- 0.00
-- TH 4812 Mar
-- 1
-- AVAILABLE
-- Dec 9, 2010
-- 742272
-- Main Library Open Access Collection
995 ## -
-- MAIN LIBRARY OPEN ACCESS
-- 0.00
-- 742136
-- CBU-MAIN LIBRARY (Kitwe)
-- 1
-- 0.00
-- TH 4812 Mar
-- 2
-- AVAILABLE
-- Dec 17, 2010
-- 742136
-- Main Library Open Access Collection
995 ## -
-- MAIN LIBRARY OPEN ACCESS
-- 746398
-- CBU-MAIN LIBRARY (Kitwe)
-- 0.00
-- TH 4812 Mar
-- 3
-- AVAILABLE
-- May 26, 2016
-- 746398
-- Main Library Open Access Collection
999 ## -
-- 78465
-- 78465
Holdings
Withdrawn status Lost status Source of classification or shelving scheme Damaged status Not for loan Permanent Location Current Location Shelving location Date acquired Total Checkouts Full call number Barcode Date last seen Copy number Price effective from Koha item type Date last checked out
          CBU-MAIN LIBRARY, KITWE. CBU-MAIN LIBRARY, KITWE.   05/17/2023   TH 4812 Mar 742272 05/17/2023 1 05/17/2023 MONOGRAPH  
          CBU-MAIN LIBRARY, KITWE. CBU-MAIN LIBRARY, KITWE.   05/17/2023   TH 4812 Mar 742136 05/17/2023 2 05/17/2023 MONOGRAPH  
          CBU-MAIN LIBRARY, KITWE. CBU-MAIN LIBRARY, KITWE.   05/17/2023 1 TH 4812 Mar 746398 12/19/2023 3 05/17/2023 MONOGRAPH 12/15/2023